| 000 | 01271cam a2200361 i 4500 | ||
|---|---|---|---|
| 001 | 20083256 | ||
| 003 | OSt | ||
| 005 | 20231108120213.0 | ||
| 008 | 171019s2013 sa a b 000 0beng | ||
| 010 | _a 2017455031 | ||
| 020 | _a9780620538978 | ||
| 040 |
_aDLC _beng _erda _cDLC |
||
| 042 | _apcc | ||
| 043 | _af-sa--- | ||
| 050 | 0 | 4 |
_aBP80.D42 _bV34 2013 |
| 082 |
_a297.74 _bVAH/A |
||
| 100 | 1 |
_aVahed, Goolam H., _d1961- _eauthor. _99867 |
|
| 245 | 1 | 0 |
_aAhmed Deedat : _bthe man and his mission / _cGoolam Vahed. |
| 264 | 1 |
_aDurban, South Africa : _biPCi, _c2013. |
|
| 300 |
_a288 pages : _billustrations (some color) ; _c24 cm |
||
| 336 |
_atext _btxt _2rdacontent |
||
| 337 |
_aunmediated _bn _2rdamedia |
||
| 338 |
_avolume _bnc _2rdacarrier |
||
| 504 | _aIncludes bibliographical references (pages 284-288). | ||
| 600 | 1 | 0 | _aDeedat, Ahmed. |
| 650 | 0 |
_aMuslim scholars _zSouth Africa _vBiography. |
|
| 650 | 0 |
_aIslam _xRelations _xChristianity. |
|
| 650 | 0 |
_aChristianity and other religions _xIslam. |
|
| 650 | 0 | _aDaʻwah (Islam). | |
| 906 |
_a7 _bcbc _corignew _d3 _encip _f20 _gy-gencatlg |
||
| 942 |
_2ddc _cBK _h297.74 _iVAH/A _k297.74 _mVAH/A |
||
| 999 |
_c42954 _d42954 |
||